El escolasticismo de la llamada matemática moderna (Record no. 68040)

MARC details
000 -CABECERA
campo de control de longitud fija 00583nam a2200205 a 4500
005 - FECHA Y HORA DE LA ÚLTIMA TRANSACCIÓN
campo de control 20210223123901.0
008 - ELEMENTOS DE LONGITUD FIJA--INFORMACIÓN GENERAL
campo de control de longitud fija 991125n 000 0 spa u
035 ## - NÚMERO DE CONTROL DEL SISTEMA
Número de control de sistema UPN01000077179
100 1# - ASIENTO PRINCIPAL--NOMBRE PERSONAL
Nombre de persona Sáenz de la Calzada, Carlos
9 (RLIN) 29917
222 ## - TÍTULO CLAVE
Título clave REVISTA DE LA ESCUELA NORMAL SUPERIOR DE MEXICO
245 ## - MENCIÓN DE TÍTULO
Título El escolasticismo de la llamada matemática moderna
300 ## - DESCRIPCIÓN FÍSICA
Extensión 74-76
362 0# - FECHAS DE PUBLICACIÓN Y/O DESIGNACIÓN SECUENCIAL
Fecha de publicación y/o designación secuencial 1968 2ê época, no. 10 ene.-jul.
653 0# - TERMINO DE INDIZACION - NO CONTROLADO
Término no controlado DIDACTICA
653 0# - TERMINO DE INDIZACION - NO CONTROLADO
Término no controlado ENSEÑANZA
653 0# - TERMINO DE INDIZACION - NO CONTROLADO
Término no controlado FILOSOFIA
653 0# - TERMINO DE INDIZACION - NO CONTROLADO
Término no controlado MATEMATICAS
904 ## - ELEMENTOS DE DATOS D LOCAL, LDD (RLIN)
a AC
b 014990
905 ## - TIPO DE MATERIAL
Tipo de material Articulo

No items available.